রবীন্দ্র প্রতিভা : (Record no. 36802)
[ view plain ]
| 000 -LEADER | |
|---|---|
| fixed length control field | 01055nam a2200229 4500 |
| 001 - CONTROL NUMBER | |
| control field | 36802 |
| 003 - CONTROL NUMBER IDENTIFIER | |
| rucl marc code | BD-RjUL |
| 005 - DATE AND TIME OF LATEST TRANSACTION | |
| control field | 20211209052538.0 |
| 008 - FIXED-LENGTH DATA ELEMENTS--GENERAL INFORMATION | |
| fixed length control field | 140908s1961 ii a|||| |||| 00| 0 ben d |
| 020 ## - INTERNATIONAL STANDARD BOOK NUMBER | |
| Terms of availability | : IRs. 10.00 |
| 035 ## - SYSTEM CONTROL NUMBER | |
| System control number | (BD-RjUL)36904 |
| 040 ## - CATALOGING SOURCE | |
| Original cataloging agency | BD-RjUL |
| Language of cataloging | ben |
| Transcribing agency | BD-RjUL |
| 041 ## - LANGUAGE CODE | |
| Language code of text/sound track or separate title | ben |
| 082 ## - DEWEY DECIMAL CLASSIFICATION NUMBER | |
| Classification number | 891.4409 |
| Author mark and year | SAR 1961 |
| 100 ## - MAIN ENTRY--PERSONAL NAME | |
| Personal name | সামন্ত, কানাই |
| 9 (RLIN) | 112252 |
| 245 10 - TITLE STATEMENT | |
| Title | রবীন্দ্র প্রতিভা : |
| Remainder of title | কবি শিল্পী সুরকার রবীন্দ্রনাথ / |
| Statement of responsibility, etc. | কানাই সামন্ত |
| 260 ## - PUBLICATION, DISTRIBUTION, ETC. (IMPRINT) | |
| Place of publication, distribution, etc. | কলিকাতা : |
| Name of publisher, distributor, etc. | ইণ্ডিয়ান অ্যাসোসিয়েটেড পাবলিশিং কোম্পানি প্রাইভেট লি., |
| Date of publication, distribution, etc. | ১৯৬১. |
| 300 ## - PHYSICAL DESCRIPTION | |
| Pagination | ৪১৪ পৃ. : |
| Illustrations | চিত্র ; |
| Size | ২২ সেমি. |
| 650 ## - SUBJECT ADDED ENTRY--TOPICAL TERM | |
| Topical term or geographic name as entry element | বাংলা কবিতা |
| Form subdivision | ইতিহাস ও সমালোচনা |
| 9 (RLIN) | 179539 |
| Topical term or geographic name as entry element | Bengali Poetry |
| Form subdivision | History and Criticism |
| 9 (RLIN) | 179540 |
| 942 ## - ADDED ENTRY ELEMENTS (KOHA) | |
| Source of classification or shelving scheme | Dewey Decimal Classification |
| Koha item type | Books |
| Lost status | Source of classification or shelving scheme | Damaged status | Not for loan | Collection code | Permanent Location | Current Location | Shelving location | Date acquired | Source of acquisition | Cost, normal purchase price | Total Checkouts | Full call number | Date last seen | Copy number | Koha item type |
|---|---|---|---|---|---|---|---|---|---|---|---|---|---|---|---|
| Dewey Decimal Classification | Not For Loan | Fiction | Central Library, University of Rajshahi | Central Library, University of Rajshahi | Reading Room | 02/10/1963 | kamala book dept. Calcuta | 10.00 | B 891.4409 SAR 1961 | 08/09/2014 | C-1 | Books |